Pelota vasca
Gardado en:
| Autor Principal: | |
|---|---|
| Formato: | Libro |
| Idioma: | Lingua castelá |
| Publicado: |
Barcelona
Sintes
1954
|
| Edición: | 2a. ed |
| Series: | Biblioteca Deportiva
|
| Subjects: | |
| Tags: |
Engadir etiqueta
Sen Etiquetas, Sexa o primeiro en etiquetar este rexistro!
|
MARC
| LEADER | 00000nam a2200000 a 4500 | ||
|---|---|---|---|
| 001 | UCU0588 | ||
| 003 | CL-VaPUC | ||
| 008 | 960322e19540000SP |||||||||||||||||spa|d | ||
| 082 | 0 | 4 | |a 796.31 |b GIB |2 21 |
| 100 | 0 | |a Gibert, Salvador del M |e author |9 355900 | |
| 245 | 1 | 0 | |a Pelota vasca |
| 250 | |a 2a. ed | ||
| 300 | |a 188 p | ||
| 942 | |c BK | ||
| 945 | |d 19960322 00:00:00 |a paguirre | ||
| 260 | |a Barcelona |b Sintes |c 1954 | ||
| 650 | 7 | |a JUEGOS DE PELOTA |2 CL-VaPUC |9 340284 | |
| 650 | 7 | |a DEPORTE |2 CL-VaPUC |9 355901 | |
| 583 | |a last modification |c 19960322 00:00:00 |k Rodrigo Vera | ||
| 490 | 0 | |a Biblioteca Deportiva | |
| 999 | |c 245428 |d 245426 | ||
| 952 | |0 0 |1 0 |4 0 |6 796_310000000000000_GIB_1954 |7 0 |8 P |9 259930 |a BIBEDU |b BIBEDU |c BIBEDU_PB |d 2019-11-19 |i 1638602 |l 1 |o 796.31 GIB 1954 |p 1638602 |r 2024-05-13 |s 2024-04-12 |w 2019-11-19 |y BK |k EDU | ||